Central Library OPAC University of Rajshahi

جديد اردو تنقيد : اصول و نظريات = Jadieed Urdu Tanqeed : usool -o- nazriat:/ (Record no. 80271)

MARC details
000 -LEADER
fixed length control field 00741nam a2200205 4500
001 - CONTROL NUMBER
control field 80271)
003 - CONTROL NUMBER IDENTIFIER
rucl marc code BD-RjUL
005 - DATE AND TIME OF LATEST TRANSACTION
control field 20220831124716.0
008 - FIXED-LENGTH DATA ELEMENTS--GENERAL INFORMATION
fixed length control field 220831s19871987ii ||||| |||| 00| 0 urd d
035 ## - SYSTEM CONTROL NUMBER
System control number (BD-RjUL)80271)
040 ## - CATALOGING SOURCE
Original cataloging agency BD-RjUL
Language of cataloging eng
Transcribing agency BD-RjUL
041 ## - LANGUAGE CODE
Language code of text/sound track or separate title urd
082 ## - DEWEY DECIMAL CLASSIFICATION NUMBER
Edition number 23
Classification number 891.43909
Author mark and year SHJ 1987
100 1# - MAIN ENTRY--PERSONAL NAME
Personal name ردولوي, شارب ;; Shārib, Radaulvī.
9 (RLIN) 4575
245 10 - TITLE STATEMENT
Title جديد اردو تنقيد : اصول و نظريات = Jadieed Urdu Tanqeed : usool -o- nazriat:/
Statement of responsibility, etc. Sharib Rudaulvi = شارب ردولوي
250 ## - EDITION STATEMENT
Edition statement 4th ed.
260 ## - PUBLICATION, DISTRIBUTION, ETC. (IMPRINT)
Place of publication, distribution, etc. Lakhnaʼū :
Name of publisher, distributor, etc. Uttar prodesh urdu akademy ,
Date of publication, distribution, etc. 1987
650 ## - SUBJECT ADDED ENTRY--TOPICAL TERM
Topical term or geographic name as entry element Urdu Literature
Form subdivision history ,Criticism, interpretation,
9 (RLIN) 4576
942 ## - ADDED ENTRY ELEMENTS (KOHA)
Source of classification or shelving scheme Dewey Decimal Classification
Koha item type Books
Holdings
Lost status Source of classification or shelving scheme Damaged status Not for loan Collection code Permanent Location Current Location Shelving location Date acquired Source of acquisition Cost, normal purchase price Total Checkouts Full call number Date last seen Copy number Koha item type
  Dewey Decimal Classification   Not For Loan Non-fiction Central Library, University of Rajshahi Central Library, University of Rajshahi Reading Room 09/08/1989 Karim International 30.00   U 891.43909 SHJ 1987 31/08/2022 C-1 Books
  Dewey Decimal Classification     Non-fiction Central Library, University of Rajshahi Central Library, University of Rajshahi General Stacks 20/05/2025       U 891.43909 SHJ 1987 20/05/2025 C-2 Books